000 00386pab a2200157 454500
008 180718b2000 xxu||||| |||| 00| 0 eng d
100 _aGadgil, D.R.
245 _aPlanning in India - some problems
260 _c2000
300 _ap.124-36
362 _aJan-Mar
650 _aEconomic planning - India
650 _aEconomic planning
773 _aIASSI Quarterly
909 _a47636
999 _c47636
_d47636